1145 1557 1361 1703 1532 1737 1763 1443 1664 1413 1235 1189 1848 1402 1061 1263 1893 1721 1244 1217 1657 1559 1515 1806 1656 1669 1516 1528 1182 1225 1604 1451 1308 1749 1595 1328 1922 1671 1891 1615 1696 1437 1141 1577 1897 1568 1291 1997 1190 1152 1712 1036 1369 1069 1185 1806 1969 1094 1207 1434 1474 1604 1021 1365 1345 1997 1999 1690 1742 1627 1444 1809 1675 1522 1575 1987 1959 1814 1190 1191 1696 1593 1222 1061 1041 1891 1120 1898 1603 1677 1376 1226 1254 1315 1218 1981 1695 1607 1855 BCNSPRNW ULIB Ver.6.0+V

เปลี่ยนเป็นภาษาไทย

Change to English
 แสดงรายละเอียดบรรณานุกรม
  กลับหน้าหลัก

Brief Record : Get Marc (ISO 2709) : E-mail record : QR code < ปิดหน้าต่าง
LEADER : 00000nam 2200000uu 4500
001    13399111941
003     ULIB
008    110712s2545||||th 000 0 tha d
020    9748212394
050  4 DS589T7^bก278ต 2545
100 0  กฤษกร วงศ์กรวุฒิ
245 10 ตราด/^cกฤษกร วงศ์กรวุฒิ
260    กรุงเทพฯ :^bสารคดี,^c[2545]
300    224 หน้า :^bภาพประกอบ, แผนที่ :^c21 ซม.
490 0  "นายรอบรู้" นักเดินทาง
651  7 ไทย (ภาคตะวันออก)^xความเป็นอยู่และประเพณี
651  7 ไทย (ภาคตะวันออก)^xภูมิประเทศและการท่องเที่ยว
651  7 ตราด^xความเป็นอยู่และประเพณี
651  7 ตราด^xภูมิประเทศและการท่องเที่ยว
651  7 ตราด^xโบราณสถาน
945    ^p95^l0^i015882
995    ทศพร
999 ^a ใช้งานได้ทุกระบบ
รายการนี้ยังไม่มีแท็ก
คุณยังไม่ได้ล็อกอิน คุณสามารถมีกิจกรรมร่วมกับเว็บไซต์ได้ แต่ต้องล็อกอินก่อน ::
  ล็อกอิน

รายการสื่อสารสนเทศ

ลำดับที่ ประเภท เลขเรียก/บาร์โค้ด สถานที่ สถานะ
- ไม่พบข้อมูล -

รายการใกล้เคียง
    ผู้แต่ง [กฤษกร วงศ์กรวุฒิ]

BibComment


ยังไม่เคยถูกคอมเมนท์

คอมเมนท์ทรัพยากรรายการนี้
  คอมเมนท์: ตราด กฤษกร วงศ์กร..


 Copyright 2026. Bcnsprnw @Library